Saussure: presentación y textos
Spremljeno u:
| Glavni autor: | |
|---|---|
| Format: | Knjiga |
| Jezik: | španjolski |
| Izdano: |
Barcelona
Anagrama
1969
|
| Teme: | |
| Oznake: |
Dodaj oznaku
Bez oznaka, Budi prvi tko označuje ovaj zapis!
|
MARC
| LEADER | 00000nam a2200000 a 4500 | ||
|---|---|---|---|
| 001 | UCZ6409 | ||
| 003 | CL-VaPUC | ||
| 008 | 951211e19690000SP |||||||||||||||||spa|d | ||
| 082 | 0 | 4 | |a 410 |b MOU |2 21 |
| 100 | |a Mounin, Georges |e autor |9 322268 | ||
| 245 | 1 | 0 | |a Saussure: presentación y textos |
| 300 | |a 159 p | ||
| 942 | |c BK | ||
| 945 | |d 19951211 00:00:00 |a rleighto | ||
| 260 | |a Barcelona |b Anagrama |c 1969 | ||
| 600 | 0 | 7 | |a SAUSSURE, FERDINAND DE |2 CL-VaPUC |9 350677 |
| 650 | 0 | |a Lingüística |9 265068 | |
| 650 | 0 | |a Semiología |9 317916 | |
| 650 | 7 | |a SIGNO |2 CL-VaPUC |9 350601 | |
| 650 | 7 | |a LENGUA |2 CL-VaPUC |9 329614 | |
| 583 | |a last modification |c 19951211 00:00:00 |k Rodrigo Vera | ||
| 999 | |c 242613 |d 242611 | ||
| 952 | |0 0 |1 0 |4 0 |6 410_000000000000000_MOU_1969 |7 0 |8 A |9 255674 |a BIBEDU |b BIBEDU |d 2019-11-19 |i 3159736 |o 410 MOU 1969 |p 3159736 |r 2019-11-19 |w 2019-11-19 |y BK |k LIT | ||
| 952 | |0 0 |1 0 |4 0 |6 410_000000000000000_MOU_1969 |7 0 |8 A |9 255675 |a FDOPOS |b FDOPOS |d 2019-11-19 |i 4274113 |o 410 MOU 1969 |p 4274113 |r 2025-01-22 |w 2019-11-19 |y BK |k MLA | ||